An introduction to classical electromagnetic radiation / (Record no. 27458)

MARC details
000 -LEADER
fixed length control field 02219cam a2200349 i 4500
001 - CONTROL NUMBER
control field 3052771
003 - CONTROL NUMBER IDENTIFIER
control field EG-ScBUE
005 - DATE AND TIME OF LATEST TRANSACTION
control field 20250617104524.0
008 - FIXED-LENGTH DATA ELEMENTS--GENERAL INFORMATION
fixed length control field 960617s1997 nyua f b 001 0 eng d
020 ## - INTERNATIONAL STANDARD BOOK NUMBER
International Standard Book Number 0521586984 (pbk.)
020 ## - INTERNATIONAL STANDARD BOOK NUMBER
International Standard Book Number 9780521586986
040 ## - CATALOGING SOURCE
Original cataloging agency DLC
Language of cataloging eng
Description conventions rda
Transcribing agency DLC
Modifying agency DLC
-- EG-ScBUE
082 04 - DEWEY DECIMAL CLASSIFICATION NUMBER
Classification number 539.2
Item number SMI
Edition number 22
100 1# - MAIN ENTRY--PERSONAL NAME
Personal name Smith, Glenn S.
Fuller form of name (Glenn Stanley),
Dates associated with a name 1945-
Relator term author.
245 13 - TITLE STATEMENT
Title An introduction to classical electromagnetic radiation /
Statement of responsibility, etc Glenn S. Smith.
246 30 - VARYING FORM OF TITLE
Title proper/short title Classical electromagnetic radiation
264 #1 - PUBLICATION, DISTRIBUTION, ETC. (IMPRINT)
Place of publication, distribution, etc New York :
Name of publisher, distributor, etc Cambridge University Press,
Date of publication, distribution, etc 1997.
300 ## - PHYSICAL DESCRIPTION
Extent xvi, 653 pages :
Other physical details illustrations ;
Dimensions 27 cm
336 ## - CONTENT TYPE
Source rdacontent
Content type term text
Content type code txt
337 ## - MEDIA TYPE
Media type term unmediated
Source rdamedia
Media type code n
338 ## - CARRIER TYPE
Carrier type term volume
Carrier type code nc
Source rdacarrier
504 ## - BIBLIOGRAPHY, ETC. NOTE
Bibliography, etc Includes bibliographical references and index.
520 ## - SUMMARY, ETC.
Summary, etc A fundamental and thorough description of classical electromagnetic radiation, this book is a balance of physical and mathematical explanation and includes over 300 illustrations. Starting from Maxwell's equations, the author demonstrates how fundamental concepts are applied in a wide variety of examples from areas such as classical optics, antenna analysis, and electromagnetic scattering. An interweaving of theoretical and experimental results gives insight into the physical and historical foundations of the subject. The book gives equal footing to the radiation of pulses and the more conventional time harmonic signals. With more than 140 problems, it can be used as a textbook for advanced undergraduate and graduate courses in electrical engineering and physics, and will also be of interest to scientists and engineers working in applied electromagnetics. A solutions manual is available for instructors.
650 #7 - SUBJECT ADDED ENTRY--TOPICAL TERM
Topical term or geographic name as entry element Electromagnetic waves.
Source of heading or term BUEsh
651 ## - SUBJECT ADDED ENTRY--GEOGRAPHIC NAME
Source of heading or term BUEsh
653 ## - INDEX TERM--UNCONTROLLED
Resource For college Engineering, Electrical
Arrived date list May2019
655 ## - INDEX TERM--GENRE/FORM
Form subdivision Reading book
856 42 - ELECTRONIC LOCATION AND ACCESS
Materials specified Publisher description
Uniform Resource Identifier <a href="http://www.loc.gov/catdir/description/cam027/96025107.html">http://www.loc.gov/catdir/description/cam027/96025107.html</a>
856 41 - ELECTRONIC LOCATION AND ACCESS
Materials specified Table of contents
Uniform Resource Identifier <a href="http://www.loc.gov/catdir/toc/cam021/96025107.html">http://www.loc.gov/catdir/toc/cam021/96025107.html</a>
856 42 - ELECTRONIC LOCATION AND ACCESS
Materials specified Contributor biographical information
Uniform Resource Identifier <a href="http://www.loc.gov/catdir/enhancements/fy1401/96025107-b.html">http://www.loc.gov/catdir/enhancements/fy1401/96025107-b.html</a>
942 ## - ADDED ENTRY ELEMENTS (KOHA)
Source of classification or shelving scheme Dewey Decimal Classification
Koha item type Book - Borrowing
Holdings
Withdrawn status Lost status Source of classification or shelving scheme Damaged status Not for loan Collection code Home library Current library Shelving location Date acquired Source of acquisition Cost, normal purchase price Serial Enumeration / chronology Total Checkouts Total Renewals Full call number Barcode Date last seen Date checked out Cost, replacement price Price effective from Koha item type
    Dewey Decimal Classification     Baccah Central Library Central Library First floor 14/05/2019 Purchase 794.00 21201 1 21 539.2 SMI 000044664 15/07/2025 07/10/2019 993.00 14/05/2019 Book - Borrowing